Statistiques concernant Les villes les plus peuplées du Rhône

Cliquez ici pour prendre le quiz!

Statistiques générales

  • Ce quiz a été pris 316 fois
  • Le résultat moyen est 12 sur 20

Statistiques - réponses

PopulationVille% Correct
445 274Lyon
99%
124 152Villeurbanne
97%
56 014Vénissieux
86%
37 359Bron
79%
39 128Vaulx-en-Velin
76%
41 248Caluire-et-Cuire
74%
30 630Villefranche-sur-Saône
74%
40 944Saint-Priest
71%
25 186Oullins
58%
18 433Givors
53%
28 019Meyzieu
50%
17 957Écully
49%
15 969Tassin-la-Demi-Lune
48%
28 327Rillieux-la-Pape
44%
24 175Décines-Charpieu
42%
15 669Saint-Fons
39%
19 207Saint-Genis-Laval
37%
21 216Sainte-Foy-lès-Lyon
33%
11 210Brignais
21%
11 328Francheville
21%

Distribution des résultats

Percentile par nombre de réponses

% des personnes avec chaque résultat

Votre développement - résultats

Vous n’avez pas pris ce quiz